Sri Narada bhakti sutras (Record no. 6736)

MARC details
000 -LEADER
fixed length control field 00724 a2200205 4500
005 - DATE AND TIME OF LATEST TRANSACTION
control field 20080908110053.0
008 - FIXED-LENGTH DATA ELEMENTS--GENERAL INFORMATION
fixed length control field 080908t xxu||||| |||| 00| 0 eng d
010 ## - LIBRARY OF CONGRESS CONTROL NUMBER
LC control number ENG-87592
020 ## - INTERNATIONAL STANDARD BOOK NUMBER
Terms of availability 50.00
035 ## - SYSTEM CONTROL NUMBER
System control number EN-71125
037 ## - SOURCE OF ACQUISITION
Source of stock number/acquisition DBAD / PUB
082 ## - DEWEY DECIMAL CLASSIFICATION NUMBER
Classification number 230.45
100 ## - MAIN ENTRY--PERSONAL NAME
Personal name Narada
245 ## - TITLE STATEMENT
Title Sri Narada bhakti sutras
Statement of responsibility, etc translated into english by Yati
260 ## - PUBLICATION, DISTRIBUTION, ETC. (IMPRINT)
Place of publication, distribution, etc Nadia
Name of publisher, distributor, etc Sri Chaitanya Math
Date of publication, distribution, etc n.d.
270 ## - ADDRESS
Address Sri Mayapur
City Nadia
Postal code 741 313
300 ## - PHYSICAL DESCRIPTION
Extent iv, 222 p.
Dimensions 22 cm ( Hb.)
942 ## - ADDED ENTRY ELEMENTS (KOHA)
Institution code [OBSOLETE] dpl
Koha item type English Books
Call number prefix 230.45/NAR
Source of classification or shelving scheme Dewey Decimal Classification
Classification part 230.45
Call number suffix NAR
Holdings
Withdrawn status Lost status Damaged status Not for loan Collection code Home library Current library Date acquired Cost, normal purchase price Total Checkouts Full call number Barcode Date last seen Copy number Uniform Resource Identifier Cost, replacement price Price effective from Koha item type
      Not For Loan Non-fiction D.B.Act.Division D.B.Act.Division 08/09/2008 50.00   230.45 NAR EN-71125 15/09/2008 1 7238 50.00 15/09/2008 English Books

© Delhi Public Library
Hit Counter
free hit counter